Norwich City Squad 2017–18 Championship Season - Statistics

General Stats
  • This quiz has been taken 9 times
  • The average score is 24 of 29
Answer Stats
Answer % Correct
Alexander Tettey
100%
Angus Gunn
100%
Christoph Zimmermann
100%
Daniel Farke
100%
Dennis Srbeny
100%
Grant Hanley
100%
Ivo Pinto
100%
Jamal Lewis
100%
James Maddison
100%
Mario Vrančić
100%
Moritz Leitner
100%
Russell Martin
100%
Steven Naismith
100%
Timm Klose
100%
Wes Hoolahan
100%
Harrison Reed
83%
Josh Murphy
83%
Onel Hernández
83%
Tom Trybull
83%
Yanic Wildschut
83%
Cameron Jerome
67%
James Husband
67%
Marcel Franke
67%
Marcus Edwards
67%
Nélson Oliveira
67%
Marco Stiepermann
50%
Marley Watkins
50%
Alex Pritchard
33%
Sean Raggett
33%
No matching quizzes found
Score Distribution
Percent of People with Each Score
Percentile by Number Answered
Your Score History
You have not taken this quiz